Library of the University of Algiers 3
Ibrahim Sultan Cheibout
شعار جامعة الجزائر 3
مكتبة جامعة الجزائر 3
إبراهيم سلطان شيبوط

التعليم الإداري العربي : (رقم التسجيلة. 45495)

تفاصيل مارك
000 -LEADER
fixed length control field 01135nam a2200229Ia 4500
003 - CONTROL NUMBER IDENTIFIER
control field Ost
005 - DATE AND TIME OF LATEST TRANSACTION
control field 20260507075646.0
008 - FIXED-LENGTH DATA ELEMENTS--GENERAL INFORMATION
fixed length control field 260507s9999||||xx |||||||||||||| ||und||
040 ## - CATALOGING SOURCE
Transcribing agency fsecg
041 ## - LANGUAGE CODE
Language code of text/sound track or separate title ara
082 ## - DEWEY DECIMAL CLASSIFICATION NUMBER
Classification number 379.12
100 ## - MAIN ENTRY--PERSONAL NAME
Relator term مؤلف
245 #0 - TITLE STATEMENT
Title التعليم الإداري العربي :
Remainder of title الآفاق والتحديات /
260 ## - PUBLICATION, DISTRIBUTION, ETC.
Place of publication, distribution, etc. القاهرة:
Name of publisher, distributor, etc. المنظمة العربية للتنمية الإدارية,
Date of publication, distribution, etc. 1997
300 ## - PHYSICAL DESCRIPTION
Extent 373 صفحة؛
Other physical details إيضاحات ؛
Dimensions 27 سم
490 ## - SERIES STATEMENT
Series statement الندوات المؤتمرات
Volume/sequential designation 9
520 ## - SUMMARY, ETC.
Summary, etc. الإتجاهات والتغيرات العالمية والإقليمية في ميادين الإقتصاد والأعمال وانعكاساتها على الإدارة- الإستراتيجيات الموجهة بالطلب في التعليم الإداري- متطلبات التحول الى الإستراتيجيات الموجهة بالطلب من حيث آليات وكيفية احداث التحول.
653 ## - INDEX TERM--UNCONTROLLED
Uncontrolled term التعليم
653 ## - INDEX TERM--UNCONTROLLED
Uncontrolled term التعليم الإداري
653 ## - INDEX TERM--UNCONTROLLED
Uncontrolled term التعليم العربي
942 ## - ADDED ENTRY ELEMENTS (KOHA)
Koha item type كتب
المقتنيات
Withdrawn status Lost status Source of classification or shelving scheme Damaged status Not for loan Home library Current library Date acquired Serial enumeration / chronology Inventory number Total checkouts Full call number Barcode Date last seen Price effective from Koha item type
    Dewey Decimal Classification   NOT LOAN / إعارة داخلية مكتبة كلية العلوم الإقتصادية والعلوم التجارية وعلوم التسيير مكتبة كلية العلوم الإقتصادية والعلوم التجارية وعلوم التسيير 07/05/2026 الطابق الأرضي 1/1615   أ/1615ن1 1/1615 07/05/2026 07/05/2026 كتب

موارد الويب المفتوحة


© University of Algiers 3 All Rights Reserved
|
Implemented by LECHELAH Riad